000 00264nam a22001097a 4500
082 _a658.3 GRI'C
100 _aGRILLO, ELMER V
_957573
245 _aCONTROL TECHNIQUES FOR OFFICE EFFICIENCY
260 _aNEWYORK
_bMCGRAW HILL
_c1963
300 _a273P
942 _cBK
999 _c567842
_d567842